[Event "IECC M email"]
[Site "IECC email"]
[Date "2001.01.06"]
[Round "?"]
[White "Vogel, Tyler"]
[Black "Wirth, Troy"]
[Result "1-0"]
[WhiteElo "1019"]
[BlackElo "1028"]
[PlyCount "63"]
[EventDate "2001.??.??"]
[EventType "tourn (corr)"]
[EventRounds "6"]
[SourceTitle "Corr 2008"]
[Source "ChessBase"]
[SourceDate "2008.06.24"]
[SourceVersion "1"]
[SourceVersionDate "2008.06.24"]
[SourceQuality "1"]

1. e4 c5 2. Nf3 Nc6 3. Bc4 Nf6 4. d3 e6 5. e5 Ng4 6. h3 Ngxe5 7. Bb5 Qa5+ 8. Nc3 a6 9. Bxc6 Nxc6 10. Bd2 Qb6 11. b3 d5 12. 0-0 Bd6 13. Re1 0-0 14. Qe2 Re8 15. Na4 Qd8 16. c3 e5 17. Qf1 Qf6 18. Nb6 Ra7 19. Nxd5 Qe6 20. Nb6 Qg6 21. Nxc8 Rxc8 22. Qe2 b5 23. Rad1 Re8 24. Qe4 Ne7 25. Qxg6 Nxg6 26. d4 e4 27. Nh2 cxd4 28. cxd4 Bxh2+ 29. Kxh2 Rd7 30. Be3 Nh4 31. Rc1 Nf5 32. Red1 1-0

[Event "IECC M email"]
[Site "IECC email"]
[Date "2001.01.06"]
[Round "?"]
[White "Wirth, Troy"]
[Black "Vogel, Tyler"]
[Result "0-1"]
[WhiteElo "1047"]
[BlackElo "1000"]
[PlyCount "62"]
[EventDate "2001.??.??"]
[EventType "tourn (corr)"]
[EventRounds "6"]
[SourceTitle "Corr 2008"]
[Source "ChessBase"]
[SourceDate "2008.06.24"]
[SourceVersion "1"]
[SourceVersionDate "2008.06.24"]
[SourceQuality "1"]

1. d4 d5 2. c4 c6 3. Nf3 Nf6 4. Nc3 Bf5 5. e3 e6 6. Bd3 Bg4 7. 0-0 Nbd7 8. h3 Bxf3 9. Qxf3 Bd6 10. e4 dxe4 11. Nxe4 Bc7 12. Bg5 Qe7 13. Bxf6 Nxf6 14. c5 Nd5 15. a3 a5 16. Rfe1 0-0 17. g3 a4 18. Rab1 Rfd8 19. h4 b6 20. Rbc1 b5 21. Ng5 h6 22. Ne4 b4 23. Bc4 bxa3 24. bxa3 Kh8 25. Qh5 Nf6 26. Nxf6 Qxf6 27. Re4 Rab8 28. Qd1 Rb2 29. Rf4 Bxf4 30. gxf4 Qxf4 31. Be2 Rxd4 0-1